[Event "ODJM B 2017"]
[Site "Willingen GER"]
[Date "2017.06.09"]
[Round "8"]
[White "Schönweiler, Elisabeth"]
[Black "Schulze, Lukas"]
[Result "1/2-1/2"]
[Termination "normal"]
[Board "8"]
[WhiteElo "1341"]
[BlackElo "1408"]
[PlyCount "85"]
[WhiteFideId "12997005"]
[BlackFideId "12956856"]
[EventCountry "GER"]
[EventRounds "9"]
[EventType "swiss"]
[EventDate "2017.06.03"]

1. e4 c6 2. d4 d5 3. exd5 cxd5 4. Nf3 Nc6 5. Nc3 Nf6 6. Be2 Bg4 7. Be3 Qb6 8.
Rb1 e6 9. a3 Bd6 10. O-O Nh5 11. h3 Bxf3 12. Bxf3 Nf4 13. Ne2 Nxe2+ 14. Bxe2
O-O 15. Qd2 Rac8 16. Rfc1 Bb8 17. Bf3 Qc7 18. g3 Ne7 19. Bf4 Qb6 20. Bxb8 Rxb8
21. Kg2 Nf5 22. Rd1 Rfd8 23. Bg4 Nd6 24. Be2 Ne4 25. Qd3 e5 26. f3 Ng5 27. dxe5
Qe6 28. Rh1 Qxe5 29. f4 Qe4+ 30. Qxe4 Nxe4 31. Rhd1 Rbc8 32. Bd3 Nc5 33. Rbc1
Nxd3 34. Rxd3 Rc5 35. Rd2 d4 36. c3 Kf8 37. Rcd1 Rcd5 38. Kf3 d3 39. Ke3 Re8+
40. Kf3 Red8 41. Ke3 Re8+ 42. Kf3 Red8 43. Ke3 1/2-1/2

[Event "ODJM B 2017"]
[Site "Willingen GER"]
[Date "2017.06.09"]
[Round "8"]
[White "Strohschneider, Leon"]
[Black "Haase, Dominik"]
[Result "0-1"]
[Termination "normal"]
[Board "9"]
[WhiteElo "1302"]
[BlackElo "1468"]
[PlyCount "142"]
[WhiteFideId "16211634"]
[BlackFideId "16208781"]
[EventCountry "GER"]
[EventRounds "9"]
[EventType "swiss"]
[EventDate "2017.06.03"]

1. e4 e6 2. Nc3 d5 3. exd5 exd5 4. d4 Nc6 5. Nf3 Nf6 6. Bb5 Be6 7. O-O Bd6 8.
h3 O-O 9. Re1 a6 10. Bd3 Nb4 11. Bg5 Nxd3 12. Qxd3 c6 13. Rab1 Kh8 14. Ne5 Be7
15. Qf3 Ng8 16. Bd2 Bd6 17. a3 Ne7 18. Re2 Nf5 19. Qd3 Qc7 20. Nf3 Rae8 21.
Ree1 Bd7 22. Rxe8 Rxe8 23. Re1 Rxe1+ 24. Bxe1 f6 25. Bd2 Ne7 26. Be3 Bf5 27.
Qe2 Ng6 28. Bc1 Qe7 29. Qd1 Kg8 30. Be3 Bc7 31. Qd2 b6 32. Qe2 Bc8 33. Qd3 Qe6
34. b3 Qf5 35. Qxf5 Bxf5 36. Ne1 Bd6 37. a4 Bb4 38. Bd2 Nf8 39. Nb1 Bd6 40. Bc3
Ne6 41. Nd2 Ng5 42. Kf1 Kf7 43. Ke2 Ke7 44. Ndf3 Ne4 45. Bb2 g5 46. g4 Bg6 47.
Nd2 h5 48. Nxe4 Bxe4 49. f3 Bg6 50. Kd2 Ke6 51. Ng2 h4 52. Ba1 f5 53. Bb2 fxg4
54. fxg4 Be4 55. Ne1 Bg3 56. Nd3 Bg2 57. Nb4 Kd7 58. Nxa6 Bxh3 59. Ke3 Bxg4 60.
Nb4 h3 61. Nd3 h2 62. Ne5+ Bxe5 63. dxe5 h1=Q 64. Kd2 Qd1+ 65. Kc3 d4+ 66. Kb4
Qxc2 67. Ka3 d3 68. e6+ Bxe6 69. Ka2 Qxb3+ 70. Kb1 d2 71. a5 d1=Q# 0-1

[Event "ODJM B 2017"]
[Site "Willingen GER"]
[Date "2017.06.09"]
[Round "8"]
[White "König, Dominik"]
[Black "von der Weyden, Louis"]
[Result "0-1"]
[Termination "normal"]
[Board "10"]
[WhiteElo "1150"]
[BlackElo "1366"]
[PlyCount "52"]
[WhiteFideId "16245148"]
[BlackFideId "16207050"]
[EventCountry "GER"]
[EventRounds "9"]
[EventType "swiss"]
[EventDate "2017.06.03"]

1. e4 e5 2. Nf3 Nf6 3. Nc3 Nc6 4. Bb5 Bc5 5. Bxc6 dxc6 6. Nxe5 Qd4 7. Nd3 Bb6
8. f3 O-O 9. Qe2 Re8 10. b3 Nd7 11. Bb2 Qd6 12. O-O-O Ba5 13. Qe3 b5 14. Qg5 f6
15. Qh5 Ba6 16. Ne2 Ne5 17. Nxe5 fxe5 18. d4 Bb6 19. dxe5 Qe6 20. Nf4 Be3+ 21.
Kb1 Bxf4 22. g4 b4 23. Rd4 Be2 24. Qh3 Bxe5 25. Rxb4 Bxb2 26. Kxb2 Qf6+ 0-1

[Event "ODJM B 2017"]
[Site "Willingen GER"]
[Date "2017.06.09"]
[Round "8"]
[White "Götz, Timon"]
[Black "Abicht, Aruna Sophia"]
[Result "1/2-1/2"]
[Termination "normal"]
[Board "11"]
[WhiteElo "1385"]
[BlackElo "1281"]
[PlyCount "87"]
[WhiteFideId "16245040"]
[EventCountry "GER"]
[EventRounds "9"]
[EventType "swiss"]
[EventDate "2017.06.03"]

1. c4 c5 2. Nf3 Nf6 3. g3 g6 4. Bg2 Bg7 5. O-O O-O 6. Nc3 Nc6 7. d4 cxd4 8.
Nxd4 e5 9. Nc2 d6 10. Ne3 Be6 11. Ned5 Bxd5 12. Nxd5 Nxd5 13. Bxd5 Rb8 14. Bg2
Qc7 15. Qb3 Nd4 16. Qd3 b5 17. b3 bxc4 18. bxc4 Rfc8 19. Bd5 Nc6 20. Bd2 e4 21.
Qxe4 Bxa1 22. Rxa1 Re8 23. Qd3 Nb4 24. Bxb4 Rxb4 25. a3 Rb2 26. Re1 Qa5 27. Kf1
Qd2 28. Qf3 Rf8 29. h4 Qc2 30. e4 Rb1 31. Rxb1 Qxb1+ 32. Kg2 Qb2 33. a4 Kg7 34.
Qg4 f5 35. Qg5 Qf6 36. Qe3 f4 37. gxf4 Qxf4 38. Qxa7+ Kh6 39. a5 Qf3+ 40. Kf1
Qd1+ 41. Kg2 Qf3+ 42. Kf1 Qd1+ 43. Kg2 Qf3+ 44. Kf1 1/2-1/2

[Event "ODJM B 2017"]
[Site "Willingen GER"]
[Date "2017.06.09"]
[Round "8"]
[White "Lorenz, Anouk"]
[Black "Roth, Ludwig"]
[Result "1-0"]
[Termination "normal"]
[Board "12"]
[WhiteElo "1210"]
[BlackElo "1425"]
[PlyCount "103"]
[WhiteFideId "12990256"]
[BlackFideId "12952621"]
[EventCountry "GER"]
[EventRounds "9"]
[EventType "swiss"]
[EventDate "2017.06.03"]

1. e4 d6 2. d4 Nf6 3. Nc3 g6 4. g3 Bg7 5. Bg2 O-O 6. Nge2 Nbd7 7. h3 e5 8. Be3
Ne8 9. O-O f5 10. exf5 gxf5 11. Qd2 Qf6 12. Nd5 Qe6 13. Ndc3 c6 14. d5 Qe7 15.
dxc6 Nb6 16. Bxb6 axb6 17. Nd5 Qd8 18. Nb4 Qe7 19. cxb7 Bxb7 20. Bxb7 Qxb7 21.
Qd5+ Qxd5 22. Nxd5 Rb8 23. Ne7+ Kh8 24. Nc3 Rb7 25. Ned5 Rg8 26. Nb5 h5 27. Ne3
f4 28. Nf5 fxg3 29. fxg3 e4 30. Nfxd6 Nxd6 31. Nxd6 Rc7 32. c3 Be5 33. Nf7+
Rxf7 34. Rxf7 Bxg3 35. Kf1 e3 36. Ke2 Bf2 37. Rd1 Bg1 38. Kf3 h4 39. Ke4 Re8+
40. Kf3 Bf2 41. Ke2 Rg8 42. Rdd7 Rg2 43. Rd8+ Rg8 44. Rxg8+ Kxg8 45. Rxf2 exf2
46. Kxf2 Kf7 47. Kf3 Kf6 48. Kf4 Kg6 49. Kg4 Kf6 50. Kxh4 Kg6 51. Kg4 Kf6 52.
h4 1-0

[Event "ODJM B 2017"]
[Site "Willingen GER"]
[Date "2017.06.09"]
[Round "8"]
[White "Sohr, Jim"]
[Black "Schilay, Maria"]
[Result "0-1"]
[Termination "normal"]
[Board "13"]
[WhiteElo "1205"]
[BlackElo "1322"]
[PlyCount "120"]
[WhiteFideId "16245105"]
[BlackFideId "12942979"]
[EventCountry "GER"]
[EventRounds "9"]
[EventType "swiss"]
[EventDate "2017.06.03"]

1. e4 e5 2. Nf3 Nc6 3. Bb5 Bc5 4. O-O d6 5. d4 exd4 6. Nxd4 Bd7 7. Nxc6 Bxc6 8.
Bxc6+ bxc6 9. Nc3 Nf6 10. Bg5 h6 11. Bh4 O-O 12. Qf3 Bd4 13. Rfe1 Qd7 14. Rad1
Be5 15. b3 Rae8 16. Ne2 Nxe4 17. Nd4 Bxd4 18. Rxe4 c5 19. Rg4 Qe6 20. Kf1 f5
21. Rg3 Bc3 22. Qe3 Qxe3 23. Rxe3 Be5 24. f3 Bxh2 25. Rxe8 Rxe8 26. g3 f4 27.
g4 g5 28. Bf2 Kf7 29. Rd2 Bg3 30. Bxg3 fxg3 31. Kg2 Kf6 32. Kxg3 Re5 33. Rh2
Kg6 34. Rf2 a5 35. c4 Kg7 36. Kg2 c6 37. f4 gxf4 38. Rxf4 Re2+ 39. Rf2 Rxf2+
40. Kxf2 Kf6 41. Kf3 d5 42. a3 d4 43. Ke4 Kg5 44. Kf3 d3 45. Ke3 Kxg4 46. Kxd3
h5 47. Kc3 h4 48. b4 cxb4+ 49. axb4 axb4+ 50. Kxb4 h3 51. Kc5 h2 52. Kxc6 h1=Q+
53. Kb5 Qb7+ 54. Kc5 Kf5 55. Kd6 Ke4 56. Kc5 Qc7+ 57. Kb5 Kd4 58. Ka6 Qxc4+ 59.
Ka5 Qb3 60. Ka6 Kc5 0-1

[Event "ODJM B 2017"]
[Site "Willingen GER"]
[Date "2017.06.09"]
[Round "8"]
[White "Senechal, Niklas Bennett"]
[Black "Fricke, Janek Konrad"]
[Result "0-1"]
[Termination "normal"]
[Board "14"]
[WhiteElo "1399"]
[BlackElo "1449"]
[PlyCount "84"]
[WhiteFideId "16231180"]
[BlackFideId "12997471"]
[EventCountry "GER"]
[EventRounds "9"]
[EventType "swiss"]
[EventDate "2017.06.03"]

1. e4 c5 2. Nc3 d6 3. Bc4 e6 4. d3 Nf6 5. f4 a6 6. Nf3 b5 7. Bb3 Nc6 8. O-O Be7
9. Qe1 Bb7 10. a3 Qc7 11. Be3 Ng4 12. Bd2 Nf6 13. Ng5 Nd4 14. Rd1 c4 15. dxc4
bxc4 16. Ba4+ Bc6 17. Bxc6+ Qxc6 18. Rc1 Qc5 19. Be3 Ng4 20. h3 Nxe3 21. Qxe3
Ne2+ 22. Kf2 Qxe3+ 23. Kxe3 Nxc1 24. Rxc1 Bxg5 25. fxg5 Kd7 26. Rd1 Rab8 27.
Na4 Rhc8 28. e5 d5 29. Rf1 Ke7 30. Kd4 a5 31. h4 Rf8 32. Rh1 f6 33. exf6+ gxf6
34. g6 hxg6 35. Re1 Kd6 36. Nc5 e5+ 37. Kc3 Kxc5 38. Rb1 d4+ 39. Kd2 a4 40. c3
d3 41. Re1 Rxb2+ 42. Kc1 d2+ 0-1

[Event "ODJM B 2017"]
[Site "Willingen GER"]
[Date "2017.06.09"]
[Round "8"]
[White "Wagner, Margarethe"]
[Black "Seliokaite, Ana"]
[Result "1/2-1/2"]
[Termination "normal"]
[Board "15"]
[WhiteElo "1293"]
[BlackElo "1283"]
[PlyCount "48"]
[WhiteFideId "16236947"]
[BlackFideId "16224817"]
[EventCountry "GER"]
[EventRounds "9"]
[EventType "swiss"]
[EventDate "2017.06.03"]

1. e4 c5 2. Nf3 g6 3. d4 cxd4 4. Nxd4 Bg7 5. c4 Nc6 6. Be3 Nf6 7. Nc3 Ng4 8.
Nxc6 Nxe3 9. Nxd8 Nxd1 10. Rxd1 Kxd8 11. Rc1 e6 12. Bd3 Ke7 13. O-O Rd8 14.
Rfe1 Rf8 15. b3 b6 16. Nb5 d6 17. a4 a6 18. Nc3 Bb7 19. Kh1 Rfe8 20. Ne2 Bh6
21. Rcd1 Rad8 22. Ng3 Bg7 23. Re3 h5 24. Nf1 f5 1/2-1/2

[Event "ODJM B 2017"]
[Site "Willingen GER"]
[Date "2017.06.09"]
[Round "8"]
[White "Bayer, Oliver"]
[Black "Altgelt, Helene"]
[Result "1-0"]
[Termination "normal"]
[Board "16"]
[WhiteElo "1284"]
[BlackElo "985"]
[PlyCount "45"]
[WhiteFideId "16243978"]
[BlackFideId "16232020"]
[EventCountry "GER"]
[EventRounds "9"]
[EventType "swiss"]
[EventDate "2017.06.03"]

1. e4 d5 2. exd5 Nf6 3. Nf3 Nxd5 4. d4 Bf5 5. a3 Nc6 6. c4 Nb6 7. c5 Nd5 8. Bc4
g6 9. Bd2 Bg7 10. Bb5 a6 11. Bxc6+ bxc6 12. O-O O-O 13. Qc1 Qd7 14. Bh6 Rfe8
15. h4 e5 16. Bxg7 Kxg7 17. Nxe5 Qe6 18. Re1 Rad8 19. Nd2 Nf6 20. Nxg6 Qd5 21.
Ne5 Re6 22. Ndf3 Ng4 23. Qg5+ 1-0

[Event "ODJM B 2017"]
[Site "Willingen GER"]
[Date "2017.06.09"]
[Round "8"]
[White "Huppert, Anna"]
[Black "Lorenz, Keana"]
[Result "1/2-1/2"]
[Termination "normal"]
[Board "17"]
[WhiteElo "1383"]
[BlackElo "1270"]
[PlyCount "134"]
[WhiteFideId "16214439"]
[BlackFideId "12990248"]
[EventCountry "GER"]
[EventRounds "9"]
[EventType "swiss"]
[EventDate "2017.06.03"]

1. e4 c5 2. Nc3 Nc6 3. f4 g6 4. Nf3 Bg7 5. Bb5 Nd4 6. Bd3 e6 7. Nxd4 Bxd4 8.
Nb5 Bg7 9. Nd6+ Ke7 10. e5 f6 11. Qe2 Qc7 12. Nb5 Qb6 13. b3 a6 14. Nc3 Kf7 15.
Qe3 Qc7 16. O-O Ne7 17. Bb2 Rf8 18. Na4 b6 19. exf6 Bxf6 20. Bxf6 Kxf6 21. Qe5+
Qxe5 22. fxe5+ Kg7 23. Nxb6 Ra7 24. Rxf8 Kxf8 25. Rf1+ Kg7 26. Nxc8 Nxc8 27. g4
a5 28. a4 Ne7 29. Be4 Rc7 30. c4 Nc6 31. Bxc6 Rxc6 32. Re1 Rb6 33. Re3 d6 34.
exd6 Rxd6 35. d3 Kf6 36. Kf2 Rb6 37. d4 cxd4 38. Rd3 e5 39. Kf3 Re6 40. Ke4 Kg5
41. h3 Kf6 42. h4 h6 43. Rf3+ Ke7 44. b4 axb4 45. Rb3 Kd6 46. Rxb4 Kc5 47. Rb5+
Kxc4 48. Rb1 Kc3 49. Rd1 Kb4 50. Ra1 Kc3 51. Rd1 Re8 52. a5 Kc4 53. a6 Kc5 54.
a7 Kd6 55. Ra1 Ra8 56. h5 gxh5 57. gxh5 Ke6 58. Ra6+ Kf7 59. Rxh6 Re8 60. Rb6
Ra8 61. Ra6 Kg7 62. Ra5 Kh6 63. Rxe5 Rxa7 64. Kxd4 Ra1 65. Rf5 Rh1 66. Ke4 Rxh5
67. Rxh5+ Kxh5 1/2-1/2

[Event "ODJM B 2017"]
[Site "Willingen GER"]
[Date "2017.06.09"]
[Round "8"]
[White "Grimm, Nicola Marie"]
[Black "Trampnau, Jan-Niklas"]
[Result "1/2-1/2"]
[Termination "normal"]
[Board "18"]
[WhiteElo "1239"]
[BlackElo "1141"]
[PlyCount "41"]
[WhiteFideId "12988987"]
[BlackFideId "16245156"]
[EventCountry "GER"]
[EventRounds "9"]
[EventType "swiss"]
[EventDate "2017.06.03"]

1. d4 d5 2. Bf4 Nf6 3. Nf3 c6 4. c3 Qb6 5. Qb3 Qxb3 6. axb3 Bf5 7. e3 Nbd7 8.
Be2 h6 9. Nbd2 e6 10. Ne5 Nxe5 11. Bxe5 Nd7 12. Bg3 Be7 13. Nf3 O-O 14. O-O
Rfe8 15. b4 a6 16. Rfd1 Nb6 17. Bc7 Nd7 18. Bd3 Bxd3 19. Rxd3 Rac8 20. Be5 Nb6
21. b3 1/2-1/2

[Event "ODJM B 2017"]
[Site "Willingen GER"]
[Date "2017.06.09"]
[Round "8"]
[White "Frank, Cillian"]
[Black "Reuker, Ronja"]
[Result "0-1"]
[Termination "normal"]
[Board "19"]
[WhiteElo "1065"]
[BlackElo "1331"]
[PlyCount "32"]
[WhiteFideId "16245202"]
[BlackFideId "12947172"]
[EventCountry "GER"]
[EventRounds "9"]
[EventType "swiss"]
[EventDate "2017.06.03"]

1. e4 e5 2. f4 d6 3. Nf3 Nc6 4. Bc4 Bg4 5. O-O Nd4 6. Bxf7+ Kxf7 7. Ng5+ Ke8 8.
Qxg4 Nf6 9. Qd1 h6 10. c3 hxg5 11. cxd4 gxf4 12. dxe5 dxe5 13. Nc3 Bc5+ 14. Kh1
Rh4 15. Qf3 Ng4 16. g3 Rxh2# 0-1

[Event "ODJM B 2017"]
[Site "Willingen GER"]
[Date "2017.06.09"]
[Round "8"]
[White "Hoffmann, Kay"]
[Black "Duong, Nhat-Minh"]
[Result "1/2-1/2"]
[Termination "normal"]
[Board "20"]
[WhiteElo "1059"]
[BlackElo "936"]
[PlyCount "82"]
[WhiteFideId "16227000"]
[BlackFideId "16245261"]
[EventCountry "GER"]
[EventRounds "9"]
[EventType "swiss"]
[EventDate "2017.06.03"]

1. d4 d5 2. Nf3 Nc6 3. e3 Nf6 4. Bd3 Nb4 5. c3 Nxd3+ 6. Qxd3 Bg4 7. Nbd2 e6 8.
O-O Bd6 9. e4 Bxf3 10. Qxf3 dxe4 11. Nxe4 Nxe4 12. Qxe4 c6 13. Bf4 O-O 14. Bxd6
Qxd6 15. f4 Rfe8 16. Rae1 g6 17. g3 Rad8 18. Qe5 Qe7 19. f5 Rd5 20. f6 Rxe5 21.
fxe7 Rxe1 22. Rxe1 Rxe7 23. c4 Kf8 24. Kf2 f6 25. b4 e5 26. dxe5 Rxe5 27. Rxe5
fxe5 28. Ke3 Ke7 29. Ke4 Ke6 30. c5 b6 31. g4 bxc5 32. bxc5 h5 33. g5 a6 34. h4
a5 35. a4 Kd7 36. Kxe5 Ke7 37. Kd4 Ke6 38. Ke4 Kd7 39. Ke5 Ke7 40. Kd4 Ke6 41.
Ke4 Kd7 1/2-1/2

[Event "ODJM B 2017"]
[Site "Willingen GER"]
[Date "2017.06.09"]
[Round "8"]
[White "Youness, Fatima"]
[Black "Langer, Paul Georg"]
[Result "1-0"]
[Termination "normal"]
[Board "21"]
[WhiteElo "1493"]
[BlackElo "1414"]
[PlyCount "117"]
[WhiteFideId "16214404"]
[BlackFideId "16230051"]
[EventCountry "GER"]
[EventRounds "9"]
[EventType "swiss"]
[EventDate "2017.06.03"]

1. e4 e5 2. Nf3 Nc6 3. d4 exd4 4. Nxd4 Bc5 5. Be3 Qf6 6. c3 Nge7 7. Bc4 b6 8.
O-O Bb7 9. b4 Bxd4 10. Bxd4 Nxd4 11. Qxd4 Qxd4 12. cxd4 Nc6 13. Na3 Nxd4 14.
Rac1 c6 15. Nc2 Nxc2 16. Rxc2 O-O 17. f3 Rac8 18. Rd1 d5 19. exd5 cxd5 20. Bb3
Rxc2 21. Bxc2 Rd8 22. Bb3 Kf8 23. Re1 Re8 24. Rxe8+ Kxe8 25. Kf2 Ke7 26. Ke3 f6
27. Kd4 Kd6 28. f4 g6 29. b5 g5 30. fxg5 fxg5 31. h3 h5 32. g3 Ke6 33. a3 Kd6
34. h4 g4 35. Bc2 Bc8 36. Bg6 Be6 37. Bxh5 Bf5 38. Bf7 Be4 39. h5 Ke7 40. Bxd5
Bh7 41. Ke5 Bd3 42. Bc6 Bc4 43. Kf5 Be6+ 44. Kg6 Bf7+ 45. Kg5 Be6 46. Be4 Kf7
47. Bf5 Bc4 48. Bd7 Be2 49. Bc6 Kg7 50. h6+ Kh8 51. Bd7 Kh7 52. Bf5+ Kh8 53.
Bxg4 Bxb5 54. Bf5 a5 55. Kf6 Bc4 56. g4 b5 57. g5 b4 58. axb4 axb4 59. g6 1-0

[Event "ODJM B 2017"]
[Site "Willingen GER"]
[Date "2017.06.09"]
[Round "8"]
[White "Guo, Philipp Ziming"]
[Black "Ljuca, Semir"]
[Result "1/2-1/2"]
[Termination "normal"]
[Board "22"]
[WhiteElo "1070"]
[BlackElo "1263"]
[PlyCount "59"]
[WhiteFideId "16245199"]
[BlackFideId "16216130"]
[EventCountry "GER"]
[EventRounds "9"]
[EventType "swiss"]
[EventDate "2017.06.03"]

1. e4 c5 2. c3 d6 3. d4 Nd7 4. Bb5 Ngf6 5. Bxd7+ Nxd7 6. Be3 Qb6 7. Qc2 g6 8.
Nf3 Bg7 9. O-O O-O 10. Nbd2 Nf6 11. h3 Qc6 12. Rac1 b6 13. d5 Qd7 14. c4 Ba6
15. b3 b5 16. Rfd1 e6 17. Bf4 bxc4 18. bxc4 exd5 19. cxd5 Qe7 20. Re1 Nd7 21.
Rcd1 Bb5 22. a4 Ba6 23. Qa2 Rab8 24. Nf1 Rb2 25. Qa3 Bc4 26. Rd2 Rb3 27. Qc1
Bc3 28. Ng3 Bxd2 29. Nxd2 Rb4 30. Nxc4 1/2-1/2

[Event "ODJM B 2017"]
[Site "Willingen GER"]
[Date "2017.06.09"]
[Round "8"]
[White "Schmidt, Pauline"]
[Black "Chouiki, Tarek"]
[Result "1/2-1/2"]
[Termination "normal"]
[Board "23"]
[WhiteElo "1244"]
[BlackElo "1181"]
[PlyCount "89"]
[WhiteFideId "16209850"]
[BlackFideId "16212266"]
[EventCountry "GER"]
[EventRounds "9"]
[EventType "swiss"]
[EventDate "2017.06.03"]

1. e4 c6 2. d4 d5 3. e5 Nd7 4. Ne2 c5 5. c3 Qc7 6. Be3 e6 7. Ng3 Qb6 8. Qc2
cxd4 9. cxd4 Bb4+ 10. Nc3 Ne7 11. a3 Qa5 12. Bd3 Nb6 13. O-O Bxc3 14. bxc3 Bd7
15. Rfb1 Rc8 16. Rc1 Na4 17. Bd2 Qc7 18. Rab1 Nb6 19. Bg5 Ba4 20. Bb5+ Bxb5 21.
Rxb5 Qc4 22. Rb4 Qc7 23. Nh5 O-O 24. Qe2 h6 25. Bxe7 Qxe7 26. Qg4 Qg5 27. Qxg5
hxg5 28. a4 Rc7 29. Ng3 Rfc8 30. Ne2 Nc4 31. Rcb1 Nd2 32. R1b2 Nc4 33. Rb1 Nd2
34. Rd1 Ne4 35. f3 Nxc3 36. Nxc3 Rxc3 37. Rxb7 Ra8 38. Ra1 a5 39. Rb5 Rc6 40.
Kf2 Rc4 41. Ke3 Rc2 42. g4 Rxh2 43. Ra3 Rc2 44. Kd3 Rc4 45. Ra2 1/2-1/2

[Event "ODJM B 2017"]
[Site "Willingen GER"]
[Date "2017.06.09"]
[Round "8"]
[White "Reuter, Marek"]
[Black "Wilmink, Luca"]
[Result "1-0"]
[Termination "normal"]
[Board "24"]
[WhiteElo "1649"]
[BlackElo "968"]
[PlyCount "59"]
[WhiteFideId "16226712"]
[BlackFideId "16245253"]
[EventCountry "GER"]
[EventRounds "9"]
[EventType "swiss"]
[EventDate "2017.06.03"]

1. e4 c5 2. Nc3 Nc6 3. d3 g6 4. Be3 d6 5. g3 Bg7 6. Bg2 Nf6 7. f4 b6 8. h3 O-O
9. Nf3 Be6 10. O-O Qd7 11. Kh2 Nh5 12. g4 Nf6 13. f5 gxf5 14. gxf5 Bxf5 15.
exf5 Qxf5 16. Qd2 Kh8 17. Kh1 Rg8 18. Ng5 Qg6 19. Bxc6 Raf8 20. Nce4 h6 21.
Nxf6 Bxf6 22. Be4 Qg7 23. Nh7 Rd8 24. Nxf6 Qxf6 25. Rxf6 exf6 26. Bxh6 d5 27.
Bf5 c4 28. Qf2 cxd3 29. Qh4 Rd6 30. Bf8# 1-0

[Event "ODJM B 2017"]
[Site "Willingen GER"]
[Date "2017.06.09"]
[Round "8"]
[White "Reyher, Bastian"]
[Black "Lohrmann, Linus"]
[Result "1-0"]
[Termination "normal"]
[Board "25"]
[WhiteElo "1102"]
[BlackElo "1422"]
[PlyCount "107"]
[WhiteFideId "12927465"]
[BlackFideId "12982857"]
[EventCountry "GER"]
[EventRounds "9"]
[EventType "swiss"]
[EventDate "2017.06.03"]

1. e4 e5 2. Bc4 Nf6 3. Nc3 Bc5 4. d3 Nc6 5. Bg5 h6 6. Be3 Bb6 7. Bxb6 axb6 8.
Nge2 d6 9. O-O g5 10. Ng3 h5 11. Nf5 Bxf5 12. exf5 Nd4 13. Ne4 d5 14. Nxf6+
Qxf6 15. Bxd5 Nxf5 16. Bxb7 Rb8 17. Bf3 h4 18. h3 Nd4 19. Bd5 c6 20. c3 Nf5 21.
Bb3 Nh6 22. g4 hxg3 23. fxg3 Nf5 24. Qg4 Ne3 25. Rxf6 Nxg4 26. hxg4 Rh7 27.
Raf1 Rb7 28. Rxc6 Rd7 29. Ba4 Ke7 30. Bb5 e4 31. Re1 Rd8 32. Rxe4+ Kf8 33. Rxb6
Kg7 34. Re5 f6 35. Re7+ Kg6 36. Be8+ Rxe8 37. Rxe8 Rd7 38. d4 Rh7 39. Rg8+ Kf7
40. Rgb8 Kg6 41. Rf8 Kg7 42. Rb7+ Kg6 43. Rxf6+ Kxf6 44. Rxh7 Kg6 45. Ra7 Kf6
46. Ra5 Kg6 47. Rf5 Kh6 48. d5 Kg6 49. d6 Kh6 50. d7 Kg6 51. d8=Q Kh6 52. Qxg5+
Kh7 53. Rf7+ Kh8 54. Qg7# 1-0

[Event "ODJM B 2017"]
[Site "Willingen GER"]
[Date "2017.06.09"]
[Round "8"]
[White "Kiefhaber, Tobias"]
[Black "Frank, Marian"]
[Result "0-1"]
[Termination "normal"]
[Board "26"]
[WhiteElo "1093"]
[BlackElo "1343"]
[PlyCount "59"]
[WhiteFideId "16240693"]
[BlackFideId "16245059"]
[EventCountry "GER"]
[EventRounds "9"]
[EventType "swiss"]
[EventDate "2017.06.03"]

1. d4 d5 2. c4 e6 3. Bf4 Nf6 4. Nc3 Nbd7 5. e3 Be7 6. Nf3 c6 7. Bd3 Nb6 8. c5
Nbd7 9. O-O Nh5 10. Be5 Nhf6 11. b4 Nxe5 12. Nxe5 Nd7 13. Nxd7 Bxd7 14. Qh5 h6
15. b5 Bf6 16. Rab1 Rb8 17. e4 Bxd4 18. Ne2 Bxc5 19. exd5 cxd5 20. Qg4 Qf6 21.
Rfc1 Bxf2+ 22. Kh1 e5 23. Qb4 Bb6 24. Rf1 Qd8 25. Rbe1 Ba5 26. Qb1 Bxe1 27.
Qxe1 e4 28. Qf2 Qf6 29. Qxf6 gxf6 30. Bb1 0-1

[Event "ODJM B 2017"]
[Site "Willingen GER"]
[Date "2017.06.09"]
[Round "8"]
[White "Bräutigam, Alexander"]
[Black "Kobald, Pierre"]
[Result "1/2-1/2"]
[Termination "normal"]
[Board "27"]
[WhiteElo "1039"]
[BlackElo "1287"]
[PlyCount "37"]
[WhiteFideId "16245210"]
[BlackFideId "12983659"]
[EventCountry "GER"]
[EventRounds "9"]
[EventType "swiss"]
[EventDate "2017.06.03"]

1. c4 e5 2. Nc3 Nf6 3. d3 d5 4. Nf3 Nc6 5. g3 Be6 6. Bg2 dxc4 7. dxc4 Qxd1+ 8.
Nxd1 Bxc4 9. Ne3 Ba6 10. b3 O-O-O 11. Bb2 Bb4+ 12. Kf1 Rhe8 13. h4 h6 14. Nf5
Nh5 15. Bh3 Kb8 16. Bg4 g6 17. Bxh5 gxh5 18. Nxh6 e4 19. Ne1 1/2-1/2

[Event "ODJM B 2017"]
[Site "Willingen GER"]
[Date "2017.06.09"]
[Round "8"]
[White "Hierl, Johannes"]
[Black "Löding, Sarah-Marie"]
[Result "0-1"]
[Termination "normal"]
[Board "28"]
[WhiteElo "1275"]
[BlackElo "1120"]
[PlyCount "44"]
[WhiteFideId "16235096"]
[BlackFideId "16245164"]
[EventCountry "GER"]
[EventRounds "9"]
[EventType "swiss"]
[EventDate "2017.06.03"]

1. Nc3 d5 2. e4 e6 3. exd5 exd5 4. d4 Nf6 5. Bd3 Bb4 6. Qe2+ Be6 7. Bd2 Nc6 8.
Nf3 O-O 9. O-O-O Bg4 10. h3 Nxd4 11. Qf1 Nxf3 12. hxg4 Nxd2 13. Rxd2 d4 14. Rd1
g6 15. Ne4 Nxg4 16. Be2 Qd5 17. Nd2 Bxd2+ 18. Kxd2 Qg5+ 19. Ke1 Qa5+ 20. Rd2
Rfe8 21. Rh4 h5 22. g3 Qxa2 0-1

[Event "ODJM B 2017"]
[Site "Willingen GER"]
[Date "2017.06.09"]
[Round "8"]
[White "Eichstaedt, Ina"]
[Black "Schotthöfer, Samira"]
[Result "0-1"]
[Termination "normal"]
[Board "29"]
[WhiteElo "1215"]
[BlackElo "1113"]
[PlyCount "120"]
[WhiteFideId "1270265"]
[BlackFideId "16243455"]
[EventCountry "GER"]
[EventRounds "9"]
[EventType "swiss"]
[EventDate "2017.06.03"]

1. f4 e5 2. fxe5 d6 3. exd6 Bxd6 4. g3 Nf6 5. Nf3 Ng4 6. Bg2 Qf6 7. O-O Qg6 8.
d3 Qh5 9. Qe1 Nc6 10. c3 Nce5 11. Nh4 g5 12. Nd2 gxh4 13. gxh4 Ng6 14. Nf3 Bd7
15. Bd2 Bc6 16. e4 O-O-O 17. Bh3 Bd7 18. Bg5 Rdf8 19. Rc1 f6 20. Bd2 N4e5 21.
Bxd7+ Kxd7 22. Nxe5+ Nxe5 23. Rf5 Rhg8+ 24. Kh1 Qg4 25. Qg3 Qxg3 26. hxg3 Nxd3
27. Rcf1 Rxg3 28. Rxf6 Rxf6 29. Rxf6 Rh3+ 30. Kg1 Rxh4 31. Rf7+ Kc6 32. Rf6
Rxe4 33. Rh6 Nxb2 34. Rxh7 Bc5+ 35. Kf1 Be3 36. Bxe3 Rxe3 37. Rh6+ Kb5 38. Rh5+
Kb6 39. Rh4 Kc6 40. Rh6+ Kd7 41. Rh7+ Re7 42. Rxe7+ Kxe7 43. Ke2 Kd6 44. Kd2
Nc4+ 45. Kd3 Kc5 46. Kc2 Ne3+ 47. Kb3 Nd5 48. a3 b5 49. a4 bxa4+ 50. Kxa4 Nxc3+
51. Ka5 Kd5 52. Ka6 c5 53. Kxa7 Ne4 54. Kb6 c4 55. Kb5 c3 56. Kb4 c2 57. Kb3
c1=Q 58. Kb4 Qb1+ 59. Ka4 Kc4 60. Ka5 Qb5# 0-1

[Event "ODJM B 2017"]
[Site "Willingen GER"]
[Date "2017.06.09"]
[Round "8"]
[White "Ott, Linda"]
[Black "Winterberg, Martin"]
[Result "0-1"]
[Termination "normal"]
[Board "30"]
[WhiteElo "1075"]
[BlackElo "1207"]
[PlyCount "42"]
[WhiteFideId "12992453"]
[BlackFideId "16245091"]
[EventCountry "GER"]
[EventRounds "9"]
[EventType "swiss"]
[EventDate "2017.06.03"]

1. e4 c5 2. Nc3 Nc6 3. Bb5 d6 4. h3 g6 5. d3 Nf6 6. Bg5 Bg7 7. f4 O-O 8. Qd2
Nd4 9. O-O-O Qb6 10. Bc4 Be6 11. Bxe6 fxe6 12. h4 Nh5 13. g4 Nf6 14. Bxf6 exf6
15. h5 gxh5 16. Rxh5 h6 17. g5 fxg5 18. fxg5 hxg5 19. Qxg5 Rf7 20. Nh3 Raf8 21.
Kd2 Nf3+ 0-1